[Event "Hessen-ch op-B"]
[Site "Frankfurt Sossenheim"]
[Date "2015.??.??"]
[Round "6"]
[White "Pyshny, Anton"]
[Black "Soter, Ehrenfried"]
[Result "1-0"]
[WhiteElo "1287"]
[BlackElo "945"]
[PlyCount "77"]
[EventDate "2015.05.13"]
[EventType "swiss"]
[EventRounds "7"]
[EventCountry "GER"]
[SourceTitle "EXT 2016"]
[Source "ChessBase"]
[SourceDate "2015.10.08"]
[SourceVersion "1"]
[SourceVersionDate "2015.10.08"]
[SourceQuality "1"]

1. e4 e5 2. Nf3 Nc6 3. Bc4 Nf6 4. Ng5 d5 5. exd5 Nxd5 6. Qf3 Qd7 7. Bxd5 Qf5 8. Qxf5 Bxf5 9. d3 Nd8 10. 0-0 Be6 11. Bxe6 fxe6 12. Re1 Bd6 13. Bd2 h6 14. Nf3 Nf7 15. Bc3 0-0-0 16. Bxe5 Nxe5 17. Nxe5 Bxe5 18. Rxe5 Rhe8 19. Nc3 a6 20. Rae1 Rd6 21. f4 g6 22. Ne4 Rd5 23. Nf6 Rxe5 24. Rxe5 Re7 25. g3 c6 26. Ng8 Re8 27. Nxh6 Kc7 28. Kg2 b5 29. h4 Kb6 30. Nf7 c5 31. Ng5 Ka5 32. Rxe6 Rxe6 33. Nxe6 Kb6 34. Nf8 a5 35. Nxg6 a4 36. b3 b4 37. f5 axb3 38. axb3 Kc6 39. f6 1-0

[Event "Hessen-ch op-B"]
[Site "Frankfurt Sossenheim"]
[Date "2015.??.??"]
[Round "3"]
[White "Soter, Ehrenfried"]
[Black "John, Volkmar"]
[Result "0-1"]
[WhiteElo "945"]
[BlackElo "1770"]
[PlyCount "84"]
[EventDate "2015.05.13"]
[EventType "swiss"]
[EventRounds "7"]
[EventCountry "GER"]
[SourceTitle "EXT 2016"]
[Source "ChessBase"]
[SourceDate "2015.10.08"]
[SourceVersion "1"]
[SourceVersionDate "2015.10.08"]
[SourceQuality "1"]

1. e4 c5 2. Nf3 d6 3. d4 cxd4 4. Nxd4 Nf6 5. Nc3 a6 6. a4 g6 7. Be3 Bg7 8. Bc4 Qc7 9. Bb3 0-0 10. 0-0 Nbd7 11. Nd5 Nxd5 12. Bxd5 Nf6 13. c3 Nxd5 14. exd5 Qc4 15. Nf3 Bf5 16. Re1 Rfe8 17. Qd2 Be4 18. Red1 Bxf3 19. gxf3 b5 20. Bd4 Qxd5 21. axb5 axb5 22. Bxg7 Qxd2 23. Rxd2 Kxg7 24. Rxa8 Rxa8 25. Rd1 d5 26. b3 Rc8 27. Rc1 b4 28. c4 dxc4 29. bxc4 b3 30. Kf1 b2 31. Rb1 Rxc4 32. Rxb2 Rh4 33. Rb7 e6 34. Rb3 Rxh2 35. Ke2 Rh1 36. Rc3 h5 37. Rd3 g5 38. Rd1 Rxd1 39. Kxd1 Kf6 40. Ke1 Kf5 41. Kf1 Kf4 42. Kg2 h4 0-1